000
00321nam a2200145Ia 4500
100
_a
Malik/Hitendra K/ A.K.Singh
650
_a
Physics
942
_c
BK
366
_f
25
245
_a
Engineering physics
260
_b
Tata Mc Graw hill Ltd.
_c
2010
082
_a
530
_b
MAL
546
_a
ENGLISH
_c
Computers
999
_c
23629
_d
23629